Online katalóg knižníc regiónu Turca

Padlí anjeli (Record no. 22011)

MARC details
000 -LEADER
fixed length control field 01811cam a2200505 a 4500
001 - CONTROL NUMBER
control field 22011
003 - CONTROL NUMBER IDENTIFIER
control field VRT
005 - DATE AND TIME OF LATEST TRANSACTION
control field 20260317150434.0
008 - FIXED-LENGTH DATA ELEMENTS--GENERAL INFORMATION
fixed length control field 240315s2011 xo g 000 f slo
015 ## - NATIONAL BIBLIOGRAPHY NUMBER
National bibliography number SNBA2011/04-01843
020 ## - INTERNATIONAL STANDARD BOOK NUMBER
International Standard Book Number 9788055123714
Qualifying information (viaz.)
035 ## - SYSTEM CONTROL NUMBER
System control number B2141886-D8B5-491C-A3F3-E96D56A85867
035 ## - SYSTEM CONTROL NUMBER
System control number urn:nbn:sk:snk-amjgoy
035 ## - SYSTEM CONTROL NUMBER
System control number urn:nbn:sk:snk-am001rqs
039 #9 - LEVEL OF BIBLIOGRAPHIC CONTROL AND CODING DETAIL [OBSOLETE]
Level of rules in bibliographic description 202403151821
Level of effort used to assign nonsubject heading access points VLOAD
Level of effort used to assign subject headings 202107132125
Level of effort used to assign classification AUTHORITY
Level of effort used to assign subject headings 201808091455
Level of effort used to assign classification VLOAD
Level of effort used to assign subject headings 201707131423
Level of effort used to assign classification mdszk02
040 ## - CATALOGING SOURCE
Original cataloging agency PPPK
Language of cataloging slo
Transcribing agency PPPK
Description conventions AACR2
041 1# - LANGUAGE CODE
Language code of text/sound track or separate title slo
Language code of original eng
044 ## - COUNTRY OF PUBLISHING/PRODUCING ENTITY CODE
MARC country code xo
ISO country code SK
072 #7 - SUBJECT CATEGORY CODE
Subject category code 821.111(73)-3
Subject category code subdivision Americká próza
Source konspekt
080 ## - UNIVERSAL DECIMAL CLASSIFICATION NUMBER
Universal Decimal Classification number 821.111(73)-31
Edition identifier 2001
080 ## - UNIVERSAL DECIMAL CLASSIFICATION NUMBER
Universal Decimal Classification number (0:82-312.4)
Edition identifier 2001
080 ## - UNIVERSAL DECIMAL CLASSIFICATION NUMBER
Universal Decimal Classification number (0:82-312.5)
Edition identifier 2001
100 1# - MAIN ENTRY--PERSONAL NAME
Personal name Kate, Lauren,
Dates associated with a name 1981-
Relationship aut
240 10 - UNIFORM TITLE
Uniform title Fallen
Language of a work Slovensky
245 10 - TITLE STATEMENT
Title Padlí anjeli
Number of part/section of a work Prvá časť
Name of part/section of a work Pád
Statement of responsibility, etc. Lauren Kateová ; [z anglického originálu preložila Saskia Hudecová]
246 30 - VARYING FORM OF TITLE
Title proper/short title Pád
250 ## - EDITION STATEMENT
Edition statement [1. vyd.]
260 ## - PUBLICATION, DISTRIBUTION, ETC.
Place of publication, distribution, etc. Bratislava
Name of publisher, distributor, etc. Ikar
Date of publication, distribution, etc. 2011
300 ## - PHYSICAL DESCRIPTION
Extent 302 s.
Dimensions 24 cm
500 ## - GENERAL NOTE
General note Náz. z obalu. Prvá časť nebezpečne vzrušujúcej a tajomne romantickej tetralógie
655 #7 - INDEX TERM--GENRE/FORM
Genre/form data or focus term americké romány
Source of term SNKPH
655 #7 - INDEX TERM--GENRE/FORM
Genre/form data or focus term trilery (romány)
Source of term SNKPH
655 #7 - INDEX TERM--GENRE/FORM
Genre/form data or focus term ľúbostné romány
Source of term SNKPH
655 #7 - INDEX TERM--GENRE/FORM
Genre/form data or focus term American fiction
Source of term SNKPHeng
655 #7 - INDEX TERM--GENRE/FORM
Genre/form data or focus term Thrillers (novels)
Source of term SNKPHeng
655 #7 - INDEX TERM--GENRE/FORM
Genre/form data or focus term Love novels
Source of term SNKPHeng
700 1# - ADDED ENTRY--PERSONAL NAME
Personal name Hudecová, Saskia
Relationship trl
942 ## - ADDED ENTRY ELEMENTS (KOHA)
Source of classification or shelving scheme Dewey Decimal Classification
Koha item type Krásna literatúra pre dospelých
Suppress in OPAC No
949 ## - LOCAL PROCESSING INFORMATION (OCLC)
6 17A0686175
a snkSC 143726/1
b snk2011/1734
o 279/11
949 ## - LOCAL PROCESSING INFORMATION (OCLC)
6 2889170428
a savukPV 14570
b savuk2011/1779
949 ## - LOCAL PROCESSING INFORMATION (OCLC)
6 17A0689199
a snkSC 143726/1 D1
b snk2011/3561
o 279/11
949 ## - LOCAL PROCESSING INFORMATION (OCLC)
6 270001000377641
a svkbbB 45091-1
b svkbbm 716316
949 ## - LOCAL PROCESSING INFORMATION (OCLC)
6 273K0539342
a svkpoB 86273
b svkpo543230
980 ## - EQUIVALENCE OR CROSS-REFERENCE-SERIES STATEMENT--PERSONAL NAME/TITLE [LOCAL, CANADA]
Personal name 821.111(73)-31
Holdings
Stav vyradenia Strata Poškodenie Spôsob nadobudnutia Domovská knižnica Aktuálna knižnica Dátum nadobudnutia Cena Total checkouts Čiarový kód exemplára Date due Date last seen Date last checked out Typ exemplára
      Kúpa Obecná knižnica Horná Štubňa Obecná knižnica Horná Štubňa 17.03.2026 10.90 1 9788055123714 16.04.2026 17.03.2026 17.03.2026 Krásna literatúra pre dospelých
Projekt je podporený Slovenskou asociáciou knižníc
Prevádzkuje Turčianska knižnica Martin 2026